Les 5 stades ayant la plus grande capacité par championnats - Statistiques

Statistiques générales
  • Ce quiz a été pris 51 fois
  • Le résultat moyen est 15 sur 25
Statistiques - réponses
Clubs Stades % Correct
FC Barcelone Camp Nou
100%
Paris Saint-Germain Parc des Princes
100%
Olympique de Marseille Vélodrome
100%
AC Milan San Siro
96%
Réal Madrid Santiago Bernabeu
96%
FC Liverpool Anfield
94%
Manchester United Old Trafford
94%
RC Lens Bollaert-Delelis
92%
Olympique Lyonnais Groupama Stadium
92%
Bayern Munich Allianz Arena
85%
Lille LOSC Pierre Mauroy
81%
Inter Milan Giuseppe Meazza
77%
FC Arsenal Emirates Stadium
73%
FC Napoli Diego Armando Maradona
67%
Atlético Madrid Riyadh Air Metropolitano
63%
Athletic Bilbao San Mamés
63%
Borussia Dortmund Signal Iduna Park
54%
Tottenham Hotspurs Tottenham Hotspurs Stadium
35%
West Ham United London Stadium
33%
Borussia Monchengladbach Borussia Park
21%
Bétis Séville Benito Villamarin
13%
Hambourg SV Volksparkstadion
6%
VFB Stuttgart MHP Arena
4%
AS Roma Olympique de Rome
2%
Lazio Rome Olympique de Rome
2%
Aucun quiz correspondant
Distribution des résultats
% des personnes avec chaque résultat
Percentile par nombre de réponses
Votre historique - résultats
Vous n’avez pas pris ce quiz